Profesiones nuevas y viejas : (Registro nro. 3892)
[ vista simple ]
| 000 -LEADER | |
|---|---|
| fixed length control field | 01052cam a2200277 c 4500 |
| 001 - CONTROL NUMBER | |
| control field | 3892 |
| 003 - CONTROL NUMBER IDENTIFIER | |
| control field | Mx-PuUPA |
| 005 - DATE AND TIME OF LATEST TRANSACTION | |
| control field | 20191008154508.0 |
| 008 - FIXED-LENGTH DATA ELEMENTS--GENERAL INFORMATION | |
| fixed length control field | 140415s1977 mx r 000 0 spa d |
| 040 ## - CATALOGING SOURCE | |
| Original cataloging agency | Mx-PuUPA |
| Language of cataloging | spa |
| Transcribing agency | Mx-PuUPA |
| Modifying agency | Mx-PuUPA |
| Description conventions | rda |
| 041 1# - LANGUAGE CODE | |
| Language code of text/sound track or separate title | spa |
| Language code of original | eng |
| 100 1# - MAIN ENTRY--PERSONAL NAME | |
| Personal name | Cheit, Earl F. |
| Dates associated with a name | 1926-2014 |
| Fuller form of name | (Earl Frank), |
| Relator term | autor |
| 240 14 - UNIFORM TITLE | |
| Uniform title | The useful arts and the liberal tradition. |
| Language of a work | Español |
| 245 10 - TITLE STATEMENT | |
| Title | Profesiones nuevas y viejas : |
| Remainder of title | guía de orientación vocacional / |
| Statement of responsibility, etc. | Earl F. Cheit , traducción Emma González de Galván |
| 264 #4 - PRODUCTION, PUBLICATION, DISTRIBUTION, MANUFACTURE, AND COPYRIGHT NOTICE | |
| Place of production, publication, distribution, manufacture | México, D.F. : |
| Name of producer, publisher, distributor, manufacturer | Editores Asociados, |
| Date of production, publication, distribution, manufacture, or copyright notice | ©1977 |
| 300 ## - PHYSICAL DESCRIPTION | |
| Extent | 182 páginas ; |
| Dimensions | 20 cm. |
| 336 ## - CONTENT TYPE | |
| Fuente | rdacontent |
| Content type term | texto |
| Content type code | txt |
| 337 ## - MEDIA TYPE | |
| Source | rdamedia |
| Media type term | sin medio |
| Media type code | n |
| 338 ## - CARRIER TYPE | |
| Source | rdacarrier |
| Carrier type term | volumen |
| Carrier type code | nc |
| 650 #4 - SUBJECT ADDED ENTRY--TOPICAL TERM | |
| Topical term or geographic name entry element | Orientación profesional |
| 700 1# - ADDED ENTRY--PERSONAL NAME | |
| Personal name | González de Galván, Emma, |
| Relator term | traductor |
| 700 1# - ADDED ENTRY--PERSONAL NAME | |
| Relationship information | Traducción de (obra): |
| Personal name | Cheit, Earl F., |
| Title of a work | The useful arts and the liberal tradition. |
| 942 ## - ADDED ENTRY ELEMENTS (KOHA) | |
| Source of classification or shelving scheme | Dewey Decimal Classification |
| Koha item type | Libro |
| Classification part | 371.42 |
| Item part | C514 |
| Withdrawn status | Lost status | Source of classification or shelving scheme | Damaged status | Not for loan | Collection code | Home library | Current library | Shelving location | Date acquired | Source of acquisition | Total Checkouts | Full call number | Barcode | Date last seen | Price effective from | Koha item type |
|---|---|---|---|---|---|---|---|---|---|---|---|---|---|---|---|---|
| Dewey Decimal Classification | General | Biblioteca Karol Wojtyla | Biblioteca Karol Wojtyla | Sala general | 03/12/2013 | Compra | 371.42 C514 1977 | 1522 | 05/01/2026 | 11/07/2018 | Libro |